Les régions et la regionalisation en France
Saved in:
| Main Author: | |
|---|---|
| Format: | Book |
| Language: | French |
| Published: |
París
Ellipse
2004
|
| Series: | Transversale Débats
|
| Subjects: | |
| Tags: |
Add Tag
No Tags, Be the first to tag this record!
|
MARC
| LEADER | 00000nam a2200000 a 4500 | ||
|---|---|---|---|
| 001 | UCI8727 | ||
| 003 | CL-VaPUC | ||
| 008 | 080925e20040000FR |||||||||||||||||fre|d | ||
| 020 | |a 2729819878 | ||
| 082 | 0 | 4 | |a 912.44 |b DUM |2 21 |
| 100 | |a Dumont, Gérard-Francois |e author |9 532303 | ||
| 245 | 1 | 4 | |a Les régions et la regionalisation en France |
| 300 | |a 175 p | ||
| 942 | |c BK | ||
| 945 | |d 20080925 00:00:00 |a rbrito | ||
| 260 | |a París |b Ellipse |c 2004 | ||
| 650 | 0 | |a Cartografía |9 266055 | |
| 650 | 0 | |a Mapas |9 260844 | |
| 650 | 0 | |a Regionalización |9 255465 | |
| 651 | 0 | |a Francia |9 255157 | |
| 583 | |a last modification |c 20080925 00:00:00 |k Rodrigo Vera | ||
| 490 | 0 | |a Transversale Débats | |
| 999 | |c 331521 |d 331519 | ||
| 952 | |0 0 |1 0 |4 0 |6 912_440000000000000_DUM_2004 |7 0 |8 A |9 418246 |a BIBING |b BIBING |d 2019-11-22 |i 4483790 |o 912.44 DUM 2004 |p 4483790 |r 2025-01-20 |w 2019-11-22 |y BK |k GEO | ||